[Event "Easter Open"]
[Site "Norrkoping SWE"]
[Date "2011.04.22"]
[Round "1"]
[White "Nilsson,Weine"]
[Black "Fries Nielsen,NJ"]
[Result "0-1"]
[WhiteElo "1898"]
[BlackElo "2326"]

1.e4 g6 2.d4 Bg7 3.Nc3 c5 4.Be3 Qa5 5.Qd2 cxd4 6.Bxd4 Nf6 7.f3 Nc6 8.Be3 d6
9.O-O-O Be6 10.Kb1 Rc8 11.Nd5 Nxd5 12.exd5 Nb4 13.a3 Qxd5 14.Qxd5 Nxd5 15.Bxa7 b6
16.Bb5+ Kf8 17.Ne2 Ne3 18.Rd2 Nxg2 19.Nd4 Nf4 20.a4 Bd5 21.Bxb6 e5 22.Ne2 Bxf3
23.Rf1 Bxe2 24.Bxe2 Nxe2 25.Rxe2 Ke7 26.Rd1 Rc6 27.a5 Rb8 28.b4 Rc4 29.c3 f5
30.Red2 e4 31.Rxd6 Bxc3 32.b5 Bxa5 33.Rd7+ Kf6 34.Bd4+ Ke6 35.Bb2 Bc3 36.R7d6+ Ke5
37.R6d5+ Kf4 38.Bxc3 Rxc3 39.Kb2 Rbc8 40.b6 R3c6 41.Rd6 Rxd6 42.Rxd6 e3 43.b7 Rb8  0-1

[Event "Joao Braga Open"]
[Site "Sao Paolo BRA"]
[Date "2011.04.22"]
[Round "4.17"]
[White "Molina,Rob"]
[Black "De Lima,D"]
[Result "1-0"]
[WhiteElo "2428"]
[BlackElo "2040"]

1.d4 g6 2.e4 Bg7 3.Nc3 c5 4.d5 d6 5.Nf3 Bxc3+ 6.bxc3 Nf6 7.Bd3 c4 8.Bxc4 Nxe4
9.Qd4 Nf6 10.O-O O-O 11.Bh6 Re8 12.Rfe1 Nbd7 13.Rab1 b6 14.Re3 Bb7 15.Rbe1 Rc8
16.Bb3 Rc5 17.c4 Ba6 18.Nd2 Ne5 19.h3 Rc8 20.f4 Ned7 21.Kh2 Nc5 22.Rxe7 Rxe7
23.Qxf6 Ne6 24.dxe6 fxe6 25.Rxe6 Rf7 26.Qd4 Qc7  1-0

[Event "15th Neckar Open"]
[Site "Deizisau GER"]
[Date "2011.04.23"]
[Round "4"]
[White "Naiditsch,A"]
[Black "Renner,Christo"]
[Result "1-0"]
[WhiteElo "2684"]
[BlackElo "2431"]

1.e4 g6 2.d4 Bg7 3.Nc3 a6 4.h4 d5 5.Nxd5 e6 6.Ne3 Qxd4 7.Qxd4 Bxd4 8.Nf3 Bg7
9.h5 Nc6 10.c3 Bd7 11.Nc2 Nh6 12.Ncd4 O-O-O 13.Nb3 Nb8 14.Be2 Bc6 15.Rh4 f6
16.Nfd4 g5 17.Nxc6 Nxc6 18.Rh1 Ne5 19.Be3 Nhf7 20.f3 Nd6 21.O-O-O h6 22.Nc5 Rhe8
23.g3 Nd7 24.Kc2 f5 25.b4 fxe4 26.Nxe4 Nxe4 27.fxe4 Be5 28.Bd4 Re7 29.Rhg1 Rf8
30.Be3 Nf6 31.Bc5 Rfe8 32.Bxe7 Rxe7 33.Rgf1 c6 34.g4 Bf4 35.Bf3 Kc7 36.a4 Nd7
37.Kb3 Ne5 38.Be2 Re8 39.Rd4 Rf8 40.Rfd1 Be3 41.Rd6 Re8 42.a5 Re7 43.Rd8 Nf7
44.Rg8 Bf4 45.Rg7  1-0

[Event "ch-Lower Rhine 2011"]
[Site "Solingen GER"]
[Date "2011.04.23"]
[Round "7.4"]
[White "Hobusch,Jan"]
[Black "Koehler,Mark"]
[Result "1/2-1/2"]
[WhiteElo "1892"]
[BlackElo "2105"]

1.e4 g6 2.d4 Bg7 3.Nc3 c5 4.Nf3 cxd4 5.Nxd4 Nc6 6.Be3 Nf6 7.Bc4 O-O 8.O-O Nxe4
9.Nxe4 d5 10.Nxc6 bxc6 11.Bd3 dxe4 12.Bxe4 Rb8 13.Qxd8 Rxd8 14.Rad1 Ba6 15.Rfe1 Bxb2
16.Bxa7 Rxd1 17.Rxd1 Rb4 18.f3 Rc4 19.Rb1 Be5 20.Be3 f5 21.Bd3 Ra4 22.Bxa6 Rxa6
23.Rb6 Ra3 24.Kf2 f4 25.Bc1 Rc3 26.Bd2 Rxc2 27.Ke1 c5 28.Rc6 Bd4 29.a4 Be3
30.Bxe3 fxe3 31.Kf1 Rf2+ 32.Kg1 Ra2 33.Kf1 Rf2+ 34.Kg1 Rc2 35.Kf1 c4 36.a5 Rf2+
37.Kg1 Ra2 38.Kf1 Rxa5 39.Rxc4 Ra1+ 40.Ke2 Ra2+ 41.Kf1 Ra1+ 42.Ke2 Rg1 43.Rg4 Kg7
44.Kxe3 h5 45.Rg5 Kf6 46.h4 Rh1 47.g3 e5 48.f4 exf4+ 49.Kxf4 Rf1+ 50.Ke4 Ra1
51.Kf4 Ra4+ 52.Kf3 Ra6 53.Ke3 Re6+ 54.Kf3 Re1 55.Kf4 Re2 56.Kf3 Re1  1/2-1/2

[Event "Lenk Open"]
[Site "Lenk SUI"]
[Date "2011.04.24"]
[Round "5"]
[White "Haener,P"]
[Black "Mihok,O"]
[Result "0-1"]
[WhiteElo "2179"]
[BlackElo "2462"]

1.e4 g6 2.d4 Bg7 3.Nc3 Nc6 4.Nf3 d5 5.e5 a6 6.h3 f6 7.exf6 Nxf6 8.Be2 O-O
9.O-O Qd6 10.Re1 b5 11.Ne5 b4 12.Nxc6 Qxc6 13.Nb1 Bf5 14.Bd3 Ne4 15.Be3 e5
16.Bxe4 Bxe4 17.c3 Rab8 18.Qd2 bxc3 19.Nxc3 exd4 20.Bxd4 Rxb2 21.Qxb2 Bxd4
22.Rac1 Bxf2+ 23.Qxf2 Rxf2 24.Kxf2 Qc5+ 25.Kg3 Qd6+ 26.Kf2 Bf5 27.Red1 d4
28.Na4 d3 29.Rc4 Qe6  0-1

[Event "ch-RUS Rapid"]
[Site "Olginka RUS"]
[Date "2011.04.26"]
[Round "10"]
[White "Rublevsky,S"]
[Black "Romanov,E"]
[Result "1-0"]
[WhiteElo "2678"]
[BlackElo "2624"]

1.e4 g6 2.d4 Bg7 3.Nc3 a6 4.Nf3 d6 5.Bg5 h6 6.Bh4 b5 7.Bd3 Nd7 8.O-O c5 9.dxc5 Nxc5
10.a4 b4 11.Nd5 Rb8 12.Re1 Bg4 13.h3 Bxf3 14.Qxf3 Bxb2 15.Rab1 Be5 16.Nxb4 Qc8
17.Bc4 Nf6 18.Bxf6 Bxf6 19.Nd5 Rxb1 20.Rxb1 Qd8 21.e5  1-0

[Event "43rd TCh-ITA 2011"]
[Site "Spoleto ITA"]
[Date "2011.04.29"]
[Round "4"]
[White "Tomba,I"]
[Black "Stella,A"]
[Result "1/2-1/2"]
[WhiteElo "2259"]
[BlackElo "2364"]

1.e4 g6 2.d4 Bg7 3.Nc3 c5 4.dxc5 Bxc3+ 5.bxc3 Qa5 6.Bd2 Nf6 7.Bd3 Qxc5 8.Nf3 d6
9.Rb1 Nbd7 10.O-O b6 11.Qe2 O-O 12.Rb5 Qc7 13.e5 dxe5 14.Nxe5 Nxe5 15.Qxe5 Qxe5
16.Rxe5 Be6 17.a4 Nd7 18.Rb5 Rac8 19.a5 Bc4 20.Rb4 Ne5 21.axb6 axb6 22.Rxb6 Bxd3
23.cxd3 Nxd3 24.Rb7 Rfe8 25.Rfb1 Nc5 26.R7b4 f6 27.Kf1 Kf7 28.Ke2 Red8 29.Be3 Nd7
30.R4b3 Ne5 31.Rd1 Rxd1 32.Kxd1 Ra8 33.Kc2 Ra2+ 34.Rb2 Rxb2+ 35.Kxb2 Ke6
36.Kb3 Kd5 37.Kb4 Nc4 38.Kb5 e5 39.Bc1 h5 40.h4 f5 41.g3 Nd6+ 42.Kb4 Nc4
43.Kb5 Nd6+ 44.Kb4 e4 45.Bg5 Nc4 46.Bf4 Nb2 47.Kb5 Nc4 48.Kb4 Nb2 49.Kb5 Nc4  1/2-1/2

[Event "Ostravsky Konik A"]
[Site "Ostrava CZE"]
[Date "2011.05.03"]
[Round "4.20"]
[White "Olsar,J"]
[Black "Hladik,O"]
[Result "1-0"]
[WhiteElo "2262"]
[BlackElo "2191"]

1.e4 g6 2.d4 Bg7 3.Nc3 c5 4.Nf3 cxd4 5.Nxd4 Nc6 6.Nde2 Nf6 7.g3 O-O 8.Bg2 d6
9.O-O Bd7 10.h3 Rc8 11.Nd5 Ne5 12.Nd4 Nxd5 13.exd5 Nc4 14.c3 Qb6 15.b3 Na5
16.Bd2 e5 17.dxe6 fxe6 18.Rc1 Nc6 19.Ne2 Ne5 20.Be3 Qa6 21.Nd4 Nd3 22.Rc2 e5
23.Bd5+ Kh8 24.Ne6 Rf6 25.Nxg7 Kxg7 26.Kh2 Be6 27.Bxe6 Rxe6 28.Qg4 Rce8 29.Rd1 Kg8
30.Qe4 Nc5 31.Bxc5 dxc5 32.Rd5 Qc6 33.Qc4 b6 34.Rxe5 Kg7 35.Qd5 Qxd5 36.Rxd5 R8e7
37.Rcd2 h5 38.Kg2 Kf7 39.Rd7 Re2 40.Kf3 Rxd2 41.Rxd2 Kf6 42.g4 hxg4+ 43.hxg4 Re6
44.Rd7 a6 45.Ra7 a5 46.Rd7 c4 47.bxc4 Rc6 48.Rd4 a4 49.Ke4 Kg5 50.Kd3 Rf6
51.Ke3 Rc6 52.a3 Kh4 53.Kf3 b5 54.Ke4 bxc4 55.Kd5 Rb6 56.Rxc4 Rb3 57.Kc5 Rxa3
58.Kb4 Ra2 59.Rd4 Rxf2 60.c4 Kg5 61.c5 Rc2 62.Rc4 Rxc4+ 63.Kxc4 a3 64.Kb3 Kxg4
65.c6  1-0

[Event "Ostravsky Konik A"]
[Site "Ostrava CZE"]
[Date "2011.05.05"]
[Round "6.22"]
[White "Hausner,I"]
[Black "Hladik,O"]
[Result "1/2-1/2"]
[WhiteElo "2430"]
[BlackElo "2191"]

1.d4 g6 2.e4 Bg7 3.Nc3 c5 4.Nf3 cxd4 5.Nxd4 Nc6 6.Be3 Nf6 7.Be2 O-O 8.Nb3 a5
9.a4 d5 10.exd5 Nb4 11.Bf3 Bf5 12.Nd4 Nfxd5 13.Nxf5 Nxc3 14.Qxd8 Rfxd8 15.Nxe7+ Kf8
16.O-O Nxc2 17.Bc5 Nxa1 18.Nc6+ Kg8 19.Nxd8 Nxa4 20.Be7 Bxb2 21.Bxb7 Ra7
22.g4 Nc3 23.Bc5 Rxb7 24.Nxb7 Nb3 25.Re1 a4 26.Bb4 a3 27.Re8+ Kg7 28.Ra8 Nb5
29.Nd6 N3d4 30.Ne8+ Kg8 31.g5 f5 32.gxf6 Kf7 33.Be7 Nf5 34.Bc5 Be5 35.Ng7 Bd6
36.Ra5 Bxc5 37.Rxb5 Bd4 38.Ra5 Nd6 39.Rxa3 Kxf6 40.Ra6 Ke7 41.Nh5 gxh5 42.Ra5 h4
43.Rh5 Bf6 44.Rxh7+ Ke6 45.Kg2 Kf5 46.Ra7 Ne4 47.Ra5+ Be5 48.h3 Ng5 49.Ra6 Ne6
50.Ra4 Nf4+ 51.Kf3 Bc7 52.Rc4  1/2-1/2

[Event "ch-UKR semi-final"]
[Site "Alushta UKR"]
[Date "2011.05.06"]
[Round "4.67"]
[White "Sidletsky,Andrey"]
[Black "Dhillon,J"]
[Result "0-1"]
[WhiteElo "1896"]
[BlackElo "2029"]

1.e4 g6 2.d4 Bg7 3.Nc3 c5 4.Nf3 cxd4 5.Nxd4 Nc6 6.Be3 d6 7.Qd2 Nf6 8.f3 O-O
9.Bc4 Bd7 10.O-O-O Rb8 11.h4 b5 12.Nxc6 Bxc6 13.Bb3 a5 14.h5 a4 15.Bd5 b4
16.Ne2 Bxd5 17.exd5 b3 18.axb3 axb3 19.hxg6 fxg6 20.Nd4 bxc2 21.Kxc2 Nxd5
22.Kb1 Qb6 23.Bh6 Rfc8 24.Bxg7 Nc3+  0-1

[Event "ch-UKR semi-final"]
[Site "Alushta UKR"]
[Date "2011.05.06"]
[Round "4.65"]
[White "Kazakov,Maksym"]
[Black "Smolin,S2"]
[Result "0-1"]
[WhiteElo "1931"]
[BlackElo "2073"]

1.e4 g6 2.d4 Bg7 3.Nc3 d5 4.exd5 Nf6 5.Bc4 Nbd7 6.Nf3 O-O 7.O-O Nb6 8.Bb3 Nbxd5
9.Nxd5 Nxd5 10.c4 Nb6 11.h3 a5 12.a4 c5 13.Be3 Qc7 14.Qe2 Bf5 15.Rfe1 Rfe8
16.dxc5 Nd7 17.c6 bxc6 18.g4 Qb7 19.Ra3 Be4 20.Ng5 c5 21.Nxe4 Qxe4 22.Bc2 Qc6
23.Bf4 Ra7 24.Re3 e6 25.b3 Qb6 26.Kg2 Nb8 27.Bxb8 Qxb8 28.h4 Rd7 29.h5 Red8
30.Qf3 Rd4 31.hxg6 hxg6 32.Be4 Rd2 33.Rh1 Bd4 34.Qh3 Qf4 35.Qh7+ Kf8 36.Rf3 Rxf2+
37.Rxf2 Qxf2+ 38.Kh3 Qe3+ 39.Kh4 Qxe4 40.Rf1 Bf2+ 41.Kh3 Rd3+ 42.Kh2 Qxg4
43.b4 Bg1+ 44.Rxg1 Rd2+ 45.Kh1 Qf3+ 46.Rg2 Qxg2+  0-1

[Event "FSGM May"]
[Site "Budapest HUN"]
[Date "2011.05.07"]
[Round "1.3"]
[White "Rodriguez Lopez,Ra"]
[Black "Chernyshov,K"]
[Result "0-1"]
[WhiteElo "2320"]
[BlackElo "2564"]

1.e4 g6 2.d4 Bg7 3.Nc3 a6 4.f4 b5 5.Nf3 b4 6.Ne2 d5 7.e5 Bg4 8.Ng3 Nc6 9.Be3 h5
10.h3 Bxf3 11.Qxf3 h4 12.Ne2 e6 13.O-O-O Nh6 14.g4 hxg3 15.Nxg3 Ne7 16.Bd3 Nhf5
17.Nxf5 Nxf5 18.Bf2 Nh4 19.Qg4 Bf8 20.Kb1 Be7 21.Rdg1 c6 22.Qd1 Kd7 23.Rg4 a5
24.Qe1 Rh5 25.c4 bxc3 26.Qxc3 Qb6 27.Bc2 a4 28.a3 Nf5 29.Ka2 Qa5 30.Qxa5 Rxa5
31.h4 Ra7 32.Bd1 Rh8 33.Rg2 Ng7 34.h5 Nxh5 35.Bxh5 gxh5 36.Bh4 Rb7 37.Bxe7 Kxe7
38.Rh4 Rb3 39.Rf2 Rg3 40.f5 exf5 41.Rxf5 Rg4 42.Rhxh5 Rxh5 43.Rxh5 Rxd4 44.Rh6 Rc4
45.b4 d4 46.Kb2 d3 47.Rd6 Rc2+ 48.Kb1 Rc3 49.Kb2 Rb3+ 50.Kc1 Rxa3 51.Rxc6 Ra1+
52.Kd2 a3  0-1

[Event "ch-UKR semi-final"]
[Site "Alushta UKR"]
[Date "2011.05.09"]
[Round "7.51"]
[White "Meleshko,V"]
[Black "Smolin,S2"]
[Result "1-0"]
[WhiteElo "2285"]
[BlackElo "2073"]

1.e4 g6 2.d4 Bg7 3.Nc3 d5 4.e5 c5 5.Be3 Nc6 6.f4 Nh6 7.Nf3 Bg4 8.Be2 Nf5
9.Bf2 Bxf3 10.Bxf3 cxd4 11.Ne2 Ne3 12.Bxe3 dxe3 13.Qxd5 Qb6 14.Qb3 Rd8 15.Qxb6 axb6
16.Rd1 f6 17.Rxd8+ Kxd8 18.Bxc6 bxc6 19.exf6 Bxf6 20.c3 Kc7 21.Ng3 Ra8 22.a3 Bxc3+
23.bxc3 Rxa3 24.c4 Rc3 25.Ke2 Rxc4 26.Kxe3 e6 27.Ne4 c5 28.Ng5 Rc2 29.Nxh7 b5
30.Nf8 b4 31.g4 b3 32.Nxg6 b2 33.Rb1 c4 34.f5 exf5 35.gxf5 c3 36.Nf4 Rd2
37.f6 Rd1 38.f7 Rxb1 39.f8=Q Re1+ 40.Kd4 b1=Q 41.Nd5+ Kb7 42.Qg7+ Ka6 43.Qf6+ Ka7
44.Qf7+ Qb7 45.Qf2 Qb2 46.Qf7+ Ka6 47.Qf6+ Ka5 48.Qd8+ Ka4 49.Nxc3+ Kb3 50.Qd5+ Kc2
51.Qf5+ Kb3 52.Qf7+ Kc2 53.Qf2+ Kb3 54.Qxe1 Qxh2 55.Qe6+ Kc2 56.Qa2+ Kc1
57.Qb1+  1-0

[Event "ch-Euro Indiv Women"]
[Site "Tbilisi GEO"]
[Date "2011.05.13"]
[Round "7"]
[White "Gevorgyan,M"]
[Black "Stojanovic,Andj"]
[Result "0-1"]
[WhiteElo "2065"]
[BlackElo "2326"]

1.e4 g6 2.d4 Bg7 3.Nc3 d5 4.exd5 Nf6 5.Bb5+ Nbd7 6.Bg5 O-O 7.Be2 Rb8 8.Bf3 b5
9.a4 b4 10.Nb5 Bb7 11.d6 c6 12.Nxa7 Qb6 13.d5 Nxd5 14.Bxd5 exd6 15.Be3 Rbe8
16.Ne2 Rxe3 17.fxe3 Qxa7 18.Ba2 Qxe3 19.Qd3 Qc5 20.O-O-O d5 21.Rhf1 Ne5 22.Qg3 Ba6
23.Rfe1 Nc4 24.Bxc4 Qxc4 25.b3 Qc5 26.Qf4 Bc8 27.Nd4 Qc3 28.Re5 c5 29.Rd3 Qa1+
30.Kd2 Bxe5 31.Qxe5 cxd4 32.h4 Bf5 33.Rg3 Qf1 34.Qxd4 Rc8 35.c3 bxc3+ 36.Rxc3 Qxg2+
37.Kc1 Re8 38.Qd2 Qf1+  0-1

[Event "Orlova Open"]
[Site "Orlova CZE"]
[Date "2011.05.24"]
[Round "4.1"]
[White "Jakubiec,A"]
[Black "Gazik,I"]
[Result "1-0"]
[WhiteElo "2535"]
[BlackElo "2313"]

1.d4 g6 2.e4 Bg7 3.Nc3 c5 4.d5 d6 5.f4 Nf6 6.Nf3 O-O 7.Bd3 Na6 8.O-O Nc7
9.a4 b6 10.Qe1 e6 11.dxe6 fxe6 12.e5 Nh5 13.exd6 Qxd6 14.Ne4 Qe7 15.Neg5 Bb7
16.f5 gxf5 17.Qh4 Qe8 18.Bf4 Nd5 19.Bd6 h6 20.Nxe6 Bf6 21.Qe1 Qg6 22.Nxf8 Rxf8
23.Qe6+ Kh8 24.Bxf5 Re8 25.Qd7 Bd4+ 26.Kh1 Qg8 27.Qxb7 Ne3 28.Nh4  1-0

[Event "TCh-FRA Top 12 2011"]
[Site "Mulhouse FRA"]
[Date "2011.05.26"]
[Round "1.7"]
[White "Luco,A"]
[Black "Lagarde,Max"]
[Result "0-1"]
[WhiteElo "2089"]
[BlackElo "2430"]

1.e4 g6 2.d4 Bg7 3.Nc3 a6 4.a4 d6 5.Be3 Nd7 6.f4 c5 7.Nf3 cxd4 8.Bxd4 Ngf6
9.Bc4 O-O 10.O-O Qc7 11.Qe2 e5 12.fxe5 dxe5 13.Be3 Nc5 14.Nd5 Nxd5 15.Bxd5 Be6
16.c4 Bxd5 17.exd5 e4 18.Ng5 h6 19.Nh3 Nd3 20.b3 f5 21.Rad1 g5 22.Rxd3 exd3
23.Qxd3 Rae8 24.Bc1 Qe7 25.Rd1 Qc5+ 26.Kf1 Re4 27.Nf2 Bd4 28.b4 Qd6 29.g3 Bxf2
30.Kxf2 Rfe8 31.Qc3 f4 32.Bb2 R8e5 33.c5 Qf6 34.g4 Re2+ 35.Kf1 Rxb2 36.Qxb2 Re1+
37.Kxe1 Qxb2 38.d6 f3 39.Rd2 Qc1+  0-1

[Event "TCh-SLO"]
[Site "Ljubljana SLO"]
[Date "2011.05.28"]
[Round "2"]
[White "Jeric,S"]
[Black "Srebrnic,V"]
[Result "1-0"]
[WhiteElo "2294"]
[BlackElo "2227"]

1.e4 g6 2.d4 Bg7 3.Nc3 c5 4.Be3 cxd4 5.Bxd4 Bxd4 6.Qxd4 Nf6 7.e5 Nc6 8.Qf4 Nh5
9.Qh6 Qa5 10.f4 Qb4 11.Ne2 Nd4 12.Nxd4 Qxd4 13.g3 b5 14.Bg2 Rb8 15.Rd1 Qe3+
16.Ne2 f5 17.Rd3 Qb6 18.h3 Bb7 19.Bxb7 Qxb7 20.O-O Kf7 21.Nd4 Ng7 22.g4 Qe4
23.Nf3 Ne6 24.Rxd7 Qxc2 25.Rf2 Qc1+ 26.Kh2 Ke8 27.Rfd2 Qc4 28.gxf5 Qxf4+
29.Qxf4 Nxf4 30.f6 exf6 31.exf6 Kf8 32.Ng5  1-0

[Event "XXX Zalakaros Open"]
[Site "Zalakaros HUN"]
[Date "2011.05.28"]
[Round "9"]
[White "Tesik,C"]
[Black "Chernyshov,K"]
[Result "0-1"]
[WhiteElo "2299"]
[BlackElo "2564"]

1.e4 g6 2.d4 Bg7 3.Nc3 a6 4.h4 b5 5.h5 b4 6.Nd5 Bb7 7.h6 Bf8 8.Bf4 d6 9.Bd3 e6
10.Ne3 Nf6 11.Bg5 Be7 12.f3 Nbd7 13.Qd2 a5 14.O-O-O O-O 15.Bf4 c5 16.dxc5 Nxc5
17.Bc4 Qb6 18.Nh3 Rfd8 19.Qe2 a4 20.Kb1 d5 21.exd5 exd5 22.Ng4 Re8 23.Bb5 Bc6
24.Bxc6 Qxc6 25.Bg5 Ncd7 26.Qd3 b3 27.Nxf6+ Bxf6 28.Bxf6 Qxf6 29.cxb3 axb3
30.a3 Ne5 31.Qxd5 Rad8 32.Qxb3 Rb8 33.Qc3 Rec8 34.Qd4 Rc4 35.Qd6 Rxb2+ 36.Ka1 Qxd6
37.Rxd6 Rb8 38.Rhd1 Rcc8 39.Rb1 Ra8 40.Rb3 Rc1+ 41.Kb2 Re1 42.Rd5 Re2+ 43.Ka1 Nc4
44.Nf4 Rf2 45.Rbd3 Kf8 46.Rd8+ Rxd8 47.Rxd8+ Ke7 48.Rh8 g5 49.Nd5+ Ke6 50.Nc7+ Kf6
51.Rxh7 Rxg2 52.Nd5+ Ke5 53.Ne7 Ke6 54.Nc6 Kf6 55.a4 Rf2 56.Nd8 Ne5 57.Rh8 Rxf3
58.h7 Rh3 59.a5 Ng6 60.Re8 Ra3+ 61.Kb2 Rxa5 62.h8=Q+ Nxh8 63.Rxh8 Rc5 64.Rg8 Rc7
65.Kb3 Kf5 66.Rg7 Kf6 67.Rg8 Rc8 68.Rf8 Kg6 69.Rg8+ Kf5 70.Nxf7 Rxg8 71.Nh6+ Ke6
72.Nxg8 g4 73.Nh6 g3 74.Ng4 g2  0-1

[Event "TCh-SLO"]
[Site "Ljubljana SLO"]
[Date "2011.05.29"]
[Round "3"]
[White "Pavasovic,D"]
[Black "Srebrnic,M"]
[Result "1/2-1/2"]
[WhiteElo "2568"]
[BlackElo "2354"]

1.e4 g6 2.d4 Bg7 3.Nc3 c5 4.dxc5 Qa5 5.Bd2 Qxc5 6.Bd3 Nf6 7.Nf3 d6 8.O-O O-O
9.h3 a6 10.Be3 Qc7 11.Qd2 Re8 12.Ng5 b5 13.f4 Bb7 14.a3 Nbd7 15.Rae1 Rac8
16.Qf2 Nc5 17.Bd2 Nfd7 18.Kh1 Nxd3 19.cxd3 Nc5 20.Re3 Nb3 21.Be1 h6 22.Nf3 e6
23.Qc2 Nd4 24.Nxd4 Bxd4 25.Rg3 Bg7 26.Qe2 Kh7 27.Bd2 f5 28.Re3 Qd7 29.Re1 Bc6
30.exf5  1/2-1/2

[Event "ch-Flanders 2011"]
[Site "Ghent BEL"]
[Date "2011.06.04"]
[Round "6.3"]
[White "Vandenbussche,T"]
[Black "Gryson,W"]
[Result "1-0"]
[WhiteElo "2343"]
[BlackElo "2243"]

1.e4 g6 2.d4 Bg7 3.Nc3 c5 4.dxc5 Bxc3+ 5.bxc3 Nf6 6.Bd3 Qa5 7.Ne2 Qxc5 8.O-O d6
9.Be3 Qc7 10.Bd4 Nbd7 11.Kh1 b6 12.c4 Ba6 13.f4 O-O 14.Qe1 Bxc4 15.Qh4 Bxd3
16.cxd3 Qc2 17.Nc3 e5 18.fxe5 dxe5 19.Rxf6 exd4 20.Nd5 Rad8 21.Rd6 Kg7 22.Nf6 h6
23.Nxd7 Qc7 24.Qf6+ Kg8 25.Qxd4  1-0

[Event "28th BSG Pinkstertoernooi"]
[Site "Bussum NED"]
[Date "2011.06.10"]
[Round "1.2"]
[White "Brandenburg,D"]
[Black "Ypma,P"]
[Result "1-0"]
[WhiteElo "2535"]
[BlackElo "2072"]

1.e4 g6 2.d4 Bg7 3.Nc3 c5 4.dxc5 Qa5 5.Ne2 Nf6 6.Bd2 Qxc5 7.Be3 Qa5 8.Qd2 Nc6
9.h3 O-O 10.f4 d6 11.g4 Nb4 12.Bg2 Rd8 13.O-O Bxg4 14.hxg4 Nxg4 15.Nd5 Nxe3
16.Nxe3 Qc5 17.c3 Na6 18.Rf2 Nc7 19.Rd1 e5 20.b4 Qb6 21.a4 exf4 22.Nxf4 Bh6
23.Ng4 Bg5 24.a5 Qb5 25.Qd4 Bxf4 26.Rxf4 Qg5 27.Nf6+ Kh8 28.Ne8+ f6 29.Rxf6 Kg8
30.Nxc7 Rf8 31.Rxf8+ Rxf8 32.Ne6 Qg3 33.Qg7+  1-0

[Event "Voronezh Master Open"]
[Site "Voronezh RUS"]
[Date "2011.06.15"]
[Round "4.26"]
[White "Derbenev,A"]
[Black "Duong,Thanh Binh"]
[Result "1-0"]
[WhiteElo "2335"]
[BlackElo "2088"]

1.d4 g6 2.e4 Bg7 3.Nc3 c5 4.d5 d6 5.Be2 Bxc3+ 6.bxc3 Qa5 7.Bd2 Nf6 8.c4 Qa3
9.Bd3 Na6 10.Ne2 Bg4 11.f3 Bd7 12.O-O Nc7 13.Qb1 Rb8 14.Qb3 Qxb3 15.axb3 a6
16.f4 O-O 17.e5 Nfe8 18.Ng3 b5 19.Rae1 f5 20.exf6 exf6 21.f5 g5 22.h4 h6
23.Kf2 bxc4 24.bxc4 gxh4 25.Nh5 Ng7 26.Nxg7 Kxg7 27.Re7+ Rf7 28.Bxh6+ Kg8
29.Rxf7 Kxf7 30.Bf4 Ne8 31.Rh1 a5 32.Rxh4 a4 33.Rh7+ Ng7 34.Bxd6 Rc8 35.g4 Kg8
36.Rh1 Ne8 37.Bf4 Nc7 38.Bd2 Na6 39.Bc3 Nb4 40.Bxf6 a3 41.Be4 Rf8 42.g5 a2
43.Bc3 Kf7 44.g6+ Ke8 45.f6 Ba4 46.g7  1-0

[Event "1st Forni Open"]
[Site "Forni di Sopra ITA"]
[Date "2011.06.16"]
[Round "6"]
[White "Brunello,M"]
[Black "Stella,A"]
[Result "1/2-1/2"]
[WhiteElo "2177"]
[BlackElo "2398"]

1.e4 g6 2.d4 Bg7 3.Nc3 c5 4.Be3 cxd4 5.Bxd4 Nf6 6.Nd5 O-O 7.Nxf6+ exf6 8.Bd3 d5
9.Ne2 Nc6 10.Bc3 Ne5 11.O-O Nxd3 12.cxd3 b6 13.Qa4 Bd7 14.Qa3 Re8 15.Ng3 Bc6
16.Rfe1 Qe7 17.Qxe7 Rxe7 18.exd5 Rxe1+ 19.Rxe1 Bxd5 20.Ne4 Bxa2 21.Nxf6+ Kh8
22.Re7 Be6 23.h3 h6 24.Be5 g5 25.d4 Bxf6 26.Bxf6+ Kh7 27.Be5 Kg6 28.Kf1 h5
29.Rb7 f6 30.Rb8 Rxb8 31.Bxb8 a6 32.Bc7 b5 33.b4 h4 34.f3 Kf5 35.Kf2 Bd5
36.Bd8 Bc6 37.Bc7 Bd5 38.Bd8 Bc6 39.Bc7 Bd5  1/2-1/2

[Event "64th ch-RUS HL"]
[Site "Taganrog RUS"]
[Date "2011.06.16"]
[Round "2"]
[White "Mikhailov,Se1"]
[Black "Chuprov,D"]
[Result "1-0"]
[WhiteElo "2399"]
[BlackElo "2520"]

1.d4 g6 2.e4 Bg7 3.Nc3 c5 4.Nf3 cxd4 5.Nxd4 Nc6 6.Be3 Nf6 7.Bc4 O-O 8.f3 Qb6
9.Bb3 Ng4 10.fxg4 Bxd4 11.Bxd4 Qxd4 12.Qxd4 Nxd4 13.Nd5 Nc6 14.O-O-O b5 15.Rhf1 Kg7
16.g5 d6 17.Rd2 Rb8  1-0

[Event "25th Open Pula"]
[Site "Pula CRO"]
[Date "2011.06.21"]
[Round "4.23"]
[White "Andersen,L NOR"]
[Black "Srebrnic,V"]
[Result "1/2-1/2"]
[WhiteElo "2288"]
[BlackElo "2227"]

1.d4 g6 2.e4 Bg7 3.Nc3 c5 4.Be3 cxd4 5.Bxd4 Bxd4 6.Qxd4 Nf6 7.Nd5 Nc6 8.Nxf6+ exf6
9.Qd6 Qe7 10.Qxe7+ Kxe7 11.Bc4 d6 12.Ne2 Be6 13.Bb3 a5 14.Nc3 Rab8 15.Nb5 Nb4
16.O-O-O Rhd8 17.Rd2 Rbc8 18.Rhd1 Rc6 19.Kb1 Rb6 20.Nc3 Na6 21.f3 Nc7 22.Nd5+ Bxd5
23.exd5 Ra6 24.a4 Raa8 25.Bc4 f5 26.Re2+ Kf6 27.Rde1 Re8 28.f4 Rxe2 29.Rxe2 Re8
30.Rxe8 Nxe8 31.b4 axb4 32.Kb2 Ke7 33.Kb3 Nf6 34.Kxb4 Kd7 35.a5 Ne4 36.Bb3 Kd8
37.Kc4 Nc5 38.Kd4 Ke7 39.Ke3 Kd8 40.Kd4 Ke7 41.Ke3 Kd8  1/2-1/2

[Event "4th Karen Asrian Memorial"]
[Site "Jermuk ARM"]
[Date "2011.06.22"]
[Round "7"]
[White "Gabuzyan,H"]
[Black "Minasian,Art"]
[Result "1/2-1/2"]
[WhiteElo "2394"]
[BlackElo "2558"]

1.e4 g6 2.d4 Bg7 3.Nc3 a6 4.f4 d5 5.Nxd5 e6 6.Ne3 Qxd4 7.Bd3 Nc6 8.Nf3 Qc5
9.Nc4 Nf6 10.Be3 Qe7 11.Qe2 Ng4 12.Bg1 b5 13.Ncd2 Bxb2 14.Rb1 Bc3 15.Rb3 Ba5
16.e5 f5 17.c3 Bb6 18.Bxb6 cxb6 19.h3 Nh6 20.a4 Na5 21.Rb1 bxa4 22.Rxb6 Qc5
23.Qf2 Qxc3 24.Qd4 Qxd4 25.Nxd4 O-O 26.Ke2 Rd8 27.Nxe6 Bxe6 28.Rxe6 Rd4 29.Rxa6 Rxa6
30.Bxa6 Rxf4 31.Rc1 Nf7 32.Rc8+ Kg7 33.e6 Nd6 34.Rd8 a3 35.Rxd6 Kf6 36.Rd5 Ra4
37.Bb5 Kxe6 38.Bxa4 Kxd5 39.Nb1 Kc5 40.Nxa3 Kb4 41.Bd7 Kxa3 42.Ke3 Kb4 43.Kf4 Kc5  1/2-1/2

[Event "1st Roszke GM"]
[Site "Roszke HUN"]
[Date "2011.06.25"]
[Round "8.3"]
[White "Kosanovic,G"]
[Black "Vajda,Le"]
[Result "0-1"]
[WhiteElo "2383"]
[BlackElo "2510"]

1.e4 g6 2.d4 Bg7 3.Nc3 a6 4.f4 b5 5.Nf3 b4 6.Nb1 c5 7.d5 d6 8.c4 e5 9.fxe5 Bxe5
10.Nxe5 Qh4+ 11.Kd2 Qf4+ 12.Kc2 Qxe5 13.Qf3 Nd7 14.Bf4 Qe7 15.Nd2 Ngf6 16.Bd3 Nh5
17.Rae1 f6 18.h3 Nxf4 19.Qxf4 Ne5 20.Nf3 Nxd3 21.Kxd3 O-O 22.Ke3 g5 23.Qg3 Bf5
24.Kd2 Bxe4 25.h4 Rfe8 26.hxg5 Qg7 27.Qxd6 fxg5 28.Kc1 Bxf3 29.gxf3 Qd4 30.Kb1 Qxc4  0-1

[Event "WCh-IPCA Open A"]
[Site "Piestany SVK"]
[Date "2011.07.02"]
[Round "1"]
[White "Obodchuk,A"]
[Black "Tatarcik,V"]
[Result "1-0"]
[WhiteElo "2373"]
[BlackElo "1911"]

1.e4 g6 2.d4 Bg7 3.Nc3 c5 4.Nf3 cxd4 5.Nxd4 Nc6 6.Be3 d6 7.Qd2 Nf6 8.f3 O-O
9.Bc4 a6 10.O-O-O Ne5 11.Bb3 Qc7 12.h4 Nc4 13.Bxc4 Qxc4 14.h5 Rd8 15.Bh6 Bh8
16.g4 Nd7 17.Nd5 Re8 18.Nf5 Bf6 19.b3 Qc5 20.Kb1 Ne5 21.Be3 Qa3 22.Nxf6+ exf6
23.hxg6 fxg6 24.Qh2 h5 25.Nxd6 Re6 26.Bc1 Qb4 27.gxh5 Rxd6 28.hxg6 Kf8 29.Qh8+  1-0

[Event "39th World Open"]
[Site "Philadelphia USA"]
[Date "2011.07.03"]
[Round "7"]
[White "Molner,M"]
[Black "Sarkar,J"]
[Result "1-0"]
[WhiteElo "2464"]
[BlackElo "2385"]

1.e4 g6 2.d4 Bg7 3.Nc3 a6 4.a4 d6 5.Be3 Nf6 6.h3 O-O 7.g4 e5 8.Bg2 exd4 9.Bxd4 Nc6
10.Be3 Nd7 11.Nge2 Nde5 12.b3 f5 13.exf5 gxf5 14.f4 Ng6 15.g5 Re8 16.Qd2 Nh4
17.Bd5+ Be6 18.O-O-O Qd7 19.Bf2 Ng6 20.h4 b5 21.Bxc6 Qxc6 22.Bd4 Bf8 23.h5 Ne7
24.g6 Bh6 25.Qe3 Qd7 26.Qg3 Rac8 27.Rdg1 c5 28.Bf6 Rf8 29.gxh7+  1-0

[Event "XXXIV Open"]
[Site "Barbera del Valles ESP"]
[Date "2011.07.04"]
[Round "1"]
[White "Jareno Badenas,A"]
[Black "Sande Edreira,J"]
[Result "0-1"]
[WhiteElo "2026"]
[BlackElo "2348"]

1.e4 c5 2.Nc3 g6 3.d4 Bg7 4.Be3 Qa5 5.Qd2 cxd4 6.Bxd4 Bxd4 7.Qxd4 Nf6 8.O-O-O Nc6
9.Qd2 O-O 10.f3 d6 11.Bc4 Ne5 12.Bb3 Be6 13.Nd5 Qxd2+ 14.Rxd2 Bxd5 15.Bxd5 Rab8
16.Bb3 b5 17.Ne2 a5 18.a3 Rfc8 19.Nf4 Kf8 20.Nd5 Nfd7 21.f4 Nc5 22.Ba2 Nc6
23.Re1 b4 24.axb4 axb4 25.Kb1 e6 26.Nf6 Ke7 27.e5 d5 28.Nxh7 Ra8  0-1

[Event "Naantalin Open"]
[Site "Naantali FIN"]
[Date "2011.07.05"]
[Round "3"]
[White "Jarvenpaa,J"]
[Black "Koskinen,Riku"]
[Result "1-0"]
[WhiteElo "2214"]
[BlackElo "1970"]

1.d4 g6 2.e4 Bg7 3.Nc3 c5 4.dxc5 Bxc3+ 5.bxc3 Qa5 6.Ne2 Nf6 7.Bg5 Nxe4 8.Qd4 Nf6
9.Bxf6 exf6 10.Qe3+ Kf8 11.Nf4 Kg7 12.Bc4 Re8 13.Qxe8 Qxc3+ 14.Kd1 Qxa1+
15.Kd2 Qd4+ 16.Nd3 d5 17.Bxd5 Qxd5 18.Qxc8 b6 19.c4 Qc6 20.Qxc6 Nxc6 21.Kc3 Ne5
22.Nxe5 fxe5 23.Kb4 bxc5+ 24.Kxc5 Rd8 25.Rc1 f5 26.Kc6 Kf6 27.c5 Ke6 28.Kb7 Rd7+
29.Kb8 Rd8+ 30.Kxa7 Kd7 31.Rd1+ Kc7 32.Rxd8 Kxd8 33.Kb7  1-0